ANALYSIS AND DESIGN PRACTICE OF STEEL STRUCTURE (Record no. 8234)

MARC details
000 -LEADER
fixed length control field 00600nam a22001697a 4500
003 - CONTROL NUMBER IDENTIFIER
control field SGT
020 ## - INTERNATIONAL STANDARD BOOK NUMBER
International Standard Book Number 9788120349377
082 ## - DEWEY DECIMAL CLASSIFICATION NUMBER
Classification number 624.1821
Item number GHO
100 ## - MAIN ENTRY--PERSONAL NAME
Personal name GHOSH,KARUNA MOY
245 ## - TITLE STATEMENT
Title ANALYSIS AND DESIGN PRACTICE OF STEEL STRUCTURE
250 ## - EDITION STATEMENT
Edition statement 2ND
260 ## - PUBLICATION, DISTRIBUTION, ETC. (IMPRINT)
Place of publication, distribution, etc NEW DELHI
Name of publisher, distributor, etc PHI
Year of Publication 2015
300 ## - PAGE DESCRIPTION
No. of Pages 327
650 ## - SUBJECT ADDED ENTRY--TOPICAL TERM
Topical term or geographic name as entry element CIVIL ENGINEERING
653 ## - KEYWORDS--INDEX TERM
Keyword term DESIGN PHILOSOPHY AND PRACTICES, DESIGN DATA DESIGN STRENGTH AND BOLT AND WELD CONNECTIONS, SCRAP YARD STRUCTURES, CONVEYOR STRUCTURAL SYSTEM FROM HBI BUILDING TO MILL BUILDING, A TURBO GENERATOR BUILDING,IS CODE 800:2007
942 ## - ADDED ENTRY ELEMENTS (KOHA)
Source of classification or shelving scheme Dewey Decimal Classification
Koha item type Books
Holdings
Withdrawn status Lost status Source of classification or shelving scheme Damaged status Not for loan Home library Current library Shelving location Date acquired Vendor Name Cost, normal purchase price SGTU Total Checkouts Full call number Accession No. (Barcode) Date last seen Bill Date Koha item type
    Dewey Decimal Classification     SGT Engineering Library SGT Engineering Library Reference Book 13/01/2016 GIFTED 350.00 SGTU   624.1821 GHO FE6504 13/01/2016 13/01/2016 Books